[Event "I Festival A"]
[Site "Cattolica ITA"]
[Date "2005.06.19"]
[Round "9"]
[White "Battistella, Stefano"]
[Black "Laketic, Gojko"]
[Result "0-1"]
[WhiteElo "2055"]
[BlackElo "2435"]
[PlyCount "54"]
[EventDate "2005.06.11"]

1.c4 Nf6 2.Nf3 g6 3.g3 Bg7 4.Bg2 O-O 5.O-O c6 6.d4 d6 7.Nc3 Nbd7 8.d5 Qc7 
9.h3 Nb6 10.Qd3 Nfd7 11.e4 Nc5 12.Qe2 e6 13.dxc6 bxc6 14.Be3 Ba6 15.Nd2 
Nca4 16.Nxa4 Nxa4 17.b3 Nc3 18.Qd3 d5 19.exd5 cxd5 20.Rfc1 dxc4 21.Rxc3 
Qa5 22.Nxc4 Bxc3 23.Rc1 Bxc4 24.bxc4 Bb2 25.Bd2 Qxa2 26.Bxa8 Bxc1 27.Bc3 
Bb2 0-1

[Event "I Festival A"]
[Site "Cattolica ITA"]
[Date "2005.06.19"]
[Round "9"]
[White "Bellincampi, Stefano"]
[Black "Fratino, Lorenzo"]
[Result "1-0"]
[WhiteElo "2077"]
[BlackElo "1915"]
[PlyCount "37"]
[EventDate "2005.06.11"]

1.e4 d5 2.exd5 Nf6 3.Nf3 Nxd5 4.d4 Nc6 5.c3 g6 6.Be2 Bg7 7.O-O O-O 8.Re1 
e6 9.Na3 Nce7 10.Bf1 c5 11.Nc2 cxd4 12.Ncxd4 b6 13.Bg5 Bb7 14.Qd2 f6 15.
Nxe6 Qd6 16.Bf4 Qd7 17.Nxf8 Rxf8 18.c4 Qg4 19.cxd5 1-0

[Event "I Festival A"]
[Site "Cattolica ITA"]
[Date "2005.06.19"]
[Round "9"]
[White "Bonani, Georg"]
[Black "Nardi, Marco"]
[Result "1/2-1/2"]
[WhiteElo "1897"]
[BlackElo "2017"]
[PlyCount "83"]
[EventDate "2005.06.11"]

1.e4 c5 2.Nf3 Nc6 3.d4 cxd4 4.Nxd4 e5 5.Nb5 d6 6.c4 Be7 7.Bd3 Nf6 8.Bg5 a6
9.N5c3 O-O 10.Bxf6 Bxf6 11.Nd2 g6 12.Nf3 Bg7 13.O-O f5 14.Qd2 f4 15.Rfd1 
g5 16.Bf1 g4 17.Ne1 Qh4 18.g3 Qh5 19.Qxd6 Rf6 20.Qd3 Rh6 21.h4 gxh3 22.Be2
Qg6 23.Kh2 Nd4 24.Nf3 fxg3+ 25.fxg3 Qf7 26.Rf1 Rf6 27.Nd5 Nxf3+ 28.Rxf3 
Rxf3 29.Qxf3 Qxf3 30.Bxf3 Bd7 31.Nb6 Rf8 32.Nxd7 Rxf3 33.Kxh3 Re3 34.Nc5 
b6 35.Nxa6 Rxe4 36.b3 Re2 37.Nb4 e4 38.Rf1 e3 39.Nd5 Bd4 40.Kg4 Rxa2 41.
Kf3 Rb2 42.b4 1/2-1/2

[Event "I Festival A"]
[Site "Cattolica ITA"]
[Date "2005.06.19"]
[Round "9"]
[White "Brancaleoni, Maurizio"]
[Black "Raineri, Valerio"]
[Result "1-0"]
[WhiteElo "2296"]
[BlackElo "2145"]
[PlyCount "57"]
[EventDate "2005.06.11"]

1.d4 Nf6 2.Bg5 c5 3.Nc3 cxd4 4.Qxd4 Nc6 5.Qh4 d6 6.O-O-O a6 7.e4 b5 8.Bxf6
gxf6 9.Nh3 Bxh3 10.Qxh3 e6 11.f4 Rc8 12.f5 e5 13.Nd5 Nd4 14.Kb1 Bg7 15.Bd3
Rb8 16.Rhe1 a5 17.Re3 b4 18.Rg3 Kf8 19.Qh5 a4 20.Bc4 Qd7 21.Rxg7 Kxg7 22.
Rd3 Qa7 23.Qh4 Nxf5 24.Qxf6+ Kg8 25.Rg3+ Nxg3 26.Ne7+ Qxe7 27.Qxe7 Kg7 28.
Qxf7+ Kh6 29.Qf6+ 1-0

[Event "I Festival A"]
[Site "Cattolica ITA"]
[Date "2005.06.19"]
[Round "9"]
[White "Cerasi, Umberto"]
[Black "Sautto, Alessandra"]
[Result "1/2-1/2"]
[WhiteElo "2002"]
[BlackElo "1968"]
[PlyCount "83"]
[EventDate "2005.06.11"]

1.e4 d5 2.exd5 Qxd5 3.Nc3 Qe5+ 4.Nge2 Qa5 5.d4 Nc6 6.Ng3 Nf6 7.Bc4 e6 8.
O-O Ne7 9.Re1 c6 10.Bb3 Ned5 11.Nxd5 cxd5 12.f4 Be7 13.Bd2 Qd8 14.c3 h5 
15.Bc2 h4 16.Nh1 h3 17.g3 Bd7 18.Nf2 Qc7 19.Qe2 Nh5 20.Ng4 Bd6 21.Ne5 Bxe5
22.Qxe5 Qxe5 23.Rxe5 O-O-O 24.Rae1 Nf6 25.Bd3 g6 26.Rf1 Kb8 27.f5 Ng4 28.
fxg6 Nxe5 29.Bf4 f6 30.dxe5 f5 31.g4 Kc8 32.Bg5 Rdg8 33.Bf6 Rxg6 34.Bxh8 
Rxg4+ 35.Kf2 Rg2+ 36.Ke3 Rxh2 37.Be2 Rg2 38.Rf2 Rg3+ 39.Rf3 h2 40.Rxg3 
h1=Q 41.Bf6 Qe4+ 42.Kf2 1/2-1/2

[Event "I Festival A"]
[Site "Cattolica ITA"]
[Date "2005.06.19"]
[Round "9"]
[White "Cox, John J."]
[Black "Chatalbashev, Boris"]
[Result "0-1"]
[WhiteElo "2322"]
[BlackElo "2499"]
[PlyCount "112"]
[EventDate "2005.06.11"]

1.d4 g6 2.c4 Bg7 3.e4 c5 4.d5 d6 5.Nf3 e6 6.Nc3 exd5 7.exd5 Ne7 8.Bd3 O-O 
9.Bf4 h6 10.Bg3 Nf5 11.Bxf5 Bxf5 12.O-O Qb6 13.Qb3 Rd8 14.Rac1 Na6 15.Nh4 
Bd3 16.Rfd1 Qxb3 17.axb3 Nb4 18.Rd2 a6 19.Nf3 Bf5 20.Nh4 Bd3 21.Nf3 h5 22.
Bf4 Bf5 23.Ne1 Re8 24.Ra1 Rad8 25.Be3 Rd7 26.g3 Rde7 27.h4 Bd4 28.Nd1 Bg4 
29.Ng2 Bf3 30.Kf1 b5 31.Bf4 Re2 32.Rxe2 Bxe2+ 33.Kg1 bxc4 34.bxc4 Bxc4 35.
Nge3 Bxd5 36.Bxd6 Bf3 37.Bf4 Nd3 38.Kf1 c4 39.Nc3 Nxb2 40.Ne2 Bxe2+ 41.
Kxe2 Re6 42.Kf3 c3 43.Nc2 Bc5 44.Ra5 Nd3 45.Be3 Bxe3 46.Nxe3 Rc6 47.Nc2 
Rf6+ 48.Ke3 Nxf2 49.Nb4 Ng4+ 50.Ke4 Rb6 51.Nc2 Re6+ 52.Kd3 Nf2+ 53.Kxc3 
Ne4+ 54.Kd3 Nxg3 55.Ne3 Kg7 56.Ra4 Rd6+ 0-1

[Event "I Festival A"]
[Site "Cattolica ITA"]
[Date "2005.06.19"]
[Round "9"]
[White "Dallaglio, Giovanni"]
[Black "Rocchetti, Marco"]
[Result "1-0"]
[WhiteElo "2038"]
[BlackElo "1937"]
[PlyCount "101"]
[EventDate "2005.06.11"]

1.d4 d6 2.Nf3 Nf6 3.c4 Nbd7 4.Nc3 e5 5.e4 Be7 6.g3 c6 7.Bg2 O-O 8.O-O Qc7 
9.Qc2 h6 10.h3 Nh7 11.Be3 Bg5 12.Nxg5 Nxg5 13.f4 Ne6 14.fxe5 dxe5 15.d5 
Nd4 16.Bxd4 exd4 17.Ne2 Qb6 18.Kh2 d3 19.Qxd3 Qxb2 20.Rfb1 Qf6 21.Qd4 Qg5 
22.Rf1 Ne5 23.Nf4 Re8 24.Nd3 Bxh3 25.Nxe5 Bxg2 26.Rf5 Qe7 27.Kxg2 g6 28.
Rxf7 Qxe5 29.Qxe5 Rxe5 30.Rxb7 Rxe4 31.dxc6 Rxc4 32.Rc7 a5 33.Rd1 g5 34.
Rdd7 g4 35.Rg7+ Kh8 36.Rh7+ Kg8 37.Rcg7+ Kf8 38.c7 Rc8 39.Rd7 Kg8 40.Rhe7 
Kf8 41.Rf7+ Kg8 42.Kf2 h5 43.Ke3 Rc5 44.Kd4 Rc1 45.Kd5 Rc2 46.Kd6 Re8 47.
Rg7+ Kh8 48.Rge7 Rd2+ 49.Kc6 Rc2+ 50.Kb7 Rb2+ 51.Ka7 1-0

[Event "I Festival A"]
[Site "Cattolica ITA"]
[Date "2005.06.19"]
[Round "9"]
[White "De Toma, Francesco"]
[Black "Leali, Claudio"]
[Result "1-0"]
[WhiteElo "1780"]
[BlackElo "1702"]
[PlyCount "63"]
[EventDate "2005.06.11"]

1.e4 e5 2.Nf3 Nc6 3.Bc4 Nf6 4.Ng5 d5 5.exd5 Na5 6.Bb5+ c6 7.dxc6 bxc6 8.
Ba4 h6 9.Nh3 Bc5 10.c3 Qd5 11.O-O Bb6 12.b4 Nb7 13.Bb3 Qd6 14.d4 O-O 15.
Na3 exd4 16.Nc4 Qc7 17.Bf4 Qd8 18.Qf3 Nd5 19.Nxb6 axb6 20.Be5 dxc3 21.Rad1
Qh4 22.Rd4 Qe7 23.Qg3 Nf6 24.Rh4 Ng4 25.Bxc3 g5 26.Rxg4 Bxg4 27.Qxg4 Rad8 
28.Nf4 Qe4 29.Qh5 Kh7 30.Bxf7 Rd6 31.Nh3 Nd8 32.Nxg5# 1-0

[Event "I Festival A"]
[Site "Cattolica ITA"]
[Date "2005.06.19"]
[Round "9"]
[White "De Zordi, Fabio"]
[Black "Pircher, Karl"]
[Result "1/2-1/2"]
[WhiteElo "1733"]
[BlackElo "2037"]
[PlyCount "75"]
[EventDate "2005.06.11"]

1.c4 e6 2.Nc3 d5 3.Nf3 Nf6 4.e3 Be7 5.Be2 O-O 6.O-O b6 7.cxd5 exd5 8.d4 
Be6 9.Ne5 Nfd7 10.Nd3 c6 11.Bd2 f5 12.Rc1 Bd6 13.f4 Nf6 14.Be1 Nbd7 15.Bh4
Rc8 16.Ne5 Qe8 17.Qa4 b5 18.Qd1 a6 19.Nb1 c5 20.Nd2 c4 21.Ndf3 Ne4 22.Ng5 
Nxg5 23.Bxg5 Nf6 24.Bh4 Ne4 25.Bh5 g6 26.Be2 Bb4 27.Be1 Bd6 28.Bf3 Nf6 29.
Bh4 Kg7 30.Bxf6+ Rxf6 31.Qe1 b4 32.g4 fxg4 33.Nxg4 Bxg4 34.Bxg4 Rc7 35.Qd2
Rd7 36.Rce1 a5 37.Bf3 Qf7 38.Bg2 1/2-1/2

[Event "I Festival A"]
[Site "Cattolica ITA"]
[Date "2005.06.19"]
[Round "9"]
[White "Dittmar, Peter"]
[Black "Frilli, Guido"]
[Result "1/2-1/2"]
[WhiteElo "2319"]
[BlackElo "2117"]
[PlyCount "45"]
[EventDate "2005.06.11"]

1.c4 e5 2.g3 Nc6 3.Bg2 g6 4.Nc3 Bg7 5.Nf3 d6 6.d3 f5 7.O-O Nf6 8.Rb1 O-O 
9.b4 Ne7 10.b5 h6 11.Bb2 g5 12.Nd2 a6 13.a4 axb5 14.axb5 Rb8 15.Ra1 Be6 
16.Ra7 Qc8 17.Qc2 f4 18.Nde4 Bh3 19.Nxf6+ Rxf6 20.Ne4 Rg6 21.Rfa1 Bxg2 22.
Kxg2 g4 23.Qd1 1/2-1/2

[Event "I Festival A"]
[Site "Cattolica ITA"]
[Date "2005.06.19"]
[Round "9"]
[White "Garofalo, Sergio"]
[Black "Fronzi, Ettore"]
[Result "1/2-1/2"]
[WhiteElo "1903"]
[BlackElo "1790"]
[PlyCount "102"]
[EventDate "2005.06.11"]

1.d4 Nf6 2.Nf3 g6 3.g3 Bg7 4.Bg2 O-O 5.c4 d6 6.O-O Nbd7 7.Nc3 c6 8.e4 e5 
9.d5 cxd5 10.cxd5 Nc5 11.Nd2 Bg4 12.f3 Bd7 13.Nc4 Qc7 14.Na3 a5 15.Be3 
Rfc8 16.Nab5 Qb6 17.a4 Ne8 18.Qe2 Nc7 19.Rac1 Nxb5 20.Nxb5 Bxb5 21.axb5 a4
22.Bh3 Rf8 23.Qf2 Qxb5 24.Bxc5 dxc5 25.Rxc5 Qb6 26.Rfc1 f5 27.R5c4 Qxf2+ 
28.Kxf2 Bh6 29.R1c2 b5 30.Rb4 Rac8 31.Rc6 Rxc6 32.dxc6 Rc8 33.exf5 Rxc6 
34.fxg6 Rc2+ 35.Kf1 hxg6 36.Rxb5 Rxh2 37.Be6+ Kg7 38.Rxe5 Rxb2 39.Ra5 Rb1+
40.Kg2 Ra1 41.Kh3 Bd2 42.Ra6 a3 43.f4 Re1 44.Ba2 Re3 45.Bb1 Rc3 46.Rxg6+ 
Kf7 47.f5 Rc5 48.Ba2+ Kf8 49.f6 Rg5 50.Rxg5 Bxg5 51.f7 Kg7 1/2-1/2

[Event "I Festival A"]
[Site "Cattolica ITA"]
[Date "2005.06.19"]
[Round "9"]
[White "Grau, Peter"]
[Black "Solaroli, Riccardo"]
[Result "1-0"]
[WhiteElo "2082"]
[BlackElo "1963"]
[PlyCount "83"]
[EventDate "2005.06.11"]

1.e4 d5 2.exd5 Nf6 3.c4 e6 4.d4 exd5 5.Nc3 Be7 6.Nf3 O-O 7.Bd3 Nc6 8.c5 b6
9.Bb5 Bb7 10.Bxc6 Bxc6 11.b4 Ne4 12.Bb2 Nxc3 13.Bxc3 Bf6 14.O-O bxc5 15.
bxc5 Bd7 16.Qd3 Qc8 17.Rfe1 Bf5 18.Qe3 Re8 19.Qf4 Rxe1+ 20.Rxe1 Be4 21.Ne5
Qf5 22.Qg3 Bxe5 23.dxe5 Rb8 24.e6 Qg6 25.f3 Qxg3 26.hxg3 Bg6 27.e7 f6 28.
Ba5 c6 29.Bc7 Rc8 30.Bd8 Be8 31.Rb1 Kf7 32.Kf2 Ke6 33.Ke3 Ke5 34.Rb4 Ke6 
35.f4 f5 36.Kd4 Ra8 37.a4 Rc8 38.Rb7 a6 39.Ra7 Rb8 40.Kc3 d4+ 41.Kc4 Bf7 
42.e8=R+ 1-0

[Event "I Festival A"]
[Site "Cattolica ITA"]
[Date "2005.06.19"]
[Round "9"]
[White "Lazarev, Vladimir"]
[Black "Friedrich, Norbert"]
[Result "1-0"]
[WhiteElo "2507"]
[BlackElo "2303"]
[PlyCount "53"]
[EventDate "2005.06.11"]

1.d4 d5 2.c4 c6 3.Nf3 Nf6 4.e3 e6 5.Bd3 Nbd7 6.O-O Bd6 7.Nc3 O-O 8.e4 dxe4
9.Nxe4 Nxe4 10.Bxe4 h6 11.Bc2 e5 12.Re1 Bb4 13.Bd2 Bxd2 14.Qxd2 exd4 15.
Qxd4 Qb6 16.Qc3 c5 17.Rad1 Nf6 18.Qe5 Be6 19.Rd6 Qa5 20.Rxe6 fxe6 21.Qxe6+
Kh8 22.Nh4 Rfe8 23.Ng6+ Kh7 24.Ne5+ Kh8 25.Nf7+ Kg8 26.Nxh6+ Kh8 27.Qg8+ 
1-0

[Event "I Festival A"]
[Site "Cattolica ITA"]
[Date "2005.06.19"]
[Round "9"]
[White "Lucchi, Lorenzo"]
[Black "Gandolfi, Gianfranco"]
[Result "1-0"]
[WhiteElo "1870"]
[BlackElo "1967"]
[PlyCount "39"]
[EventDate "2005.06.11"]

1.e4 e5 2.Nf3 Nc6 3.d4 exd4 4.Bc4 Nf6 5.O-O Nxe4 6.Re1 d5 7.Bxd5 Qxd5 8.
Nc3 Qa5 9.Rxe4+ Be6 10.Ne2 O-O-O 11.Nexd4 Qd5 12.Qe2 Nxd4 13.Rxd4 Qf5 14.
Rxd8+ Kxd8 15.Bg5+ Be7 16.Rd1+ Ke8 17.Qd2 Bxg5 18.Nxg5 Qf6 19.Nxe6 fxe6 
20.Qd7+ 1-0

[Event "I Festival A"]
[Site "Cattolica ITA"]
[Date "2005.06.19"]
[Round "9"]
[White "Magalotti, Andrea"]
[Black "Manconi, Antonio"]
[Result "0-1"]
[WhiteElo "2169"]
[BlackElo "1972"]
[PlyCount "48"]
[EventDate "2005.06.11"]

1.e4 c5 2.Nf3 Nc6 3.d4 cxd4 4.Nxd4 Nf6 5.Nc3 e5 6.Ndb5 d6 7.Bg5 a6 8.Na3 
b5 9.Nd5 Be7 10.Bxf6 Bxf6 11.c3 O-O 12.Nc2 Bg5 13.a4 bxa4 14.Rxa4 a5 15.
Bc4 Rb8 16.Qa1 Kh8 17.Nce3 g6 18.O-O f5 19.exf5 gxf5 20.f4 exf4 21.Nxf4 
Qb6 22.Qe1 Re8 23.Nd5 Bxe3+ 24.Nxe3 Qxe3+ 0-1

[Event "I Festival A"]
[Site "Cattolica ITA"]
[Date "2005.06.19"]
[Round "9"]
[White "Marini, Lucio"]
[Black "Baldelli, Alex"]
[Result "0-1"]
[WhiteElo "1527"]
[BlackElo "1901"]
[PlyCount "60"]
[EventDate "2005.06.11"]

1.d4 d5 2.c4 e6 3.Nc3 Nf6 4.cxd5 exd5 5.Bf4 c6 6.e3 Bf5 7.Bd3 Bxd3 8.Qxd3 
Bb4 9.Nf3 Ne4 10.O-O f5 11.a3 Be7 12.b4 a6 13.Rfb1 Nd7 14.a4 O-O 15.b5 g5 
16.bxc6 bxc6 17.Be5 g4 18.Ne1 Nxe5 19.dxe5 Qc7 20.Nxd5 cxd5 21.Qxd5+ Kh8 
22.Rb7 Qd8 23.Qe6 Bg5 24.Qa2 Rb8 25.Rxb8 Qxb8 26.Qa3 Re8 27.f4 Be7 28.Qd3 
Qb2 29.Nc2 Rc8 30.Qd7 Qxa1+ 0-1

[Event "I Festival A"]
[Site "Cattolica ITA"]
[Date "2005.06.19"]
[Round "9"]
[White "Meijers, Viesturs"]
[Black "Popa, Claudiu"]
[Result "1-0"]
[WhiteElo "2486"]
[BlackElo "2186"]
[PlyCount "60"]
[EventDate "2005.06.11"]

1.e4 e5 2.Nf3 Nc6 3.Bb5 g6 4.d4 Nxd4 5.Nxd4 exd4 6.Qxd4 Qf6 7.Qxf6 Nxf6 8.
Bf4 c6 9.Bd3 d6 10.Nc3 Be6 11.Be2 O-O-O 12.O-O-O Ng4 13.Bg3 Be7 14.h3 Nh6 
15.Bf4 Ng8 16.Rd2 g5 17.Be3 Kb8 18.g4 f6 19.h4 Nh6 20.hxg5 Nxg4 21.gxf6 
Bxf6 22.Bf4 Nxf2 23.Rh6 Bxc3 24.Rxd6 Rxd6 25.Bxd6+ Kc8 26.bxc3 Kd7 27.Be5 
Rf8 28.Rxh7+ Rf7 29.Rh4 Nh3 30.a3 Ng1 {...} 1-0

[Event "I Festival A"]
[Site "Cattolica ITA"]
[Date "2005.06.19"]
[Round "9"]
[White "Napoli, Nicolo'"]
[Black "Okhotnik, Vladimir"]
[Result "0-1"]
[WhiteElo "2205"]
[BlackElo "2417"]
[PlyCount "44"]
[EventDate "2005.06.11"]

1.e4 c5 2.c3 Nf6 3.e5 Nd5 4.d4 cxd4 5.Nf3 e6 6.cxd4 d6 7.Bc4 Nc6 8.O-O Be7
9.Qe2 O-O 10.Rd1 Qc7 11.Bxd5 exd5 12.Nc3 Be6 13.Nb5 Qd7 14.exd6 Bxd6 15.
Ne5 Bxe5 16.dxe5 Nxe5 17.Qxe5 Qxb5 18.Bh6 gxh6 19.Qg3+ Kh8 20.Qe5+ f6 21.
Qxe6 Rae8 22.Qxd5 Re1+ 0-1

[Event "I Festival A"]
[Site "Cattolica ITA"]
[Date "2005.06.19"]
[Round "9"]
[White "Orfei, Rolando"]
[Black "Pivotto, Carlo"]
[Result "1-0"]
[WhiteElo "1943"]
[BlackElo "1802"]
[PlyCount "87"]
[EventDate "2005.06.11"]

1.b3 d6 2.Bb2 e5 3.g3 Nf6 4.Bg2 c6 5.c4 Nbd7 6.Nc3 Qc7 7.e3 Be7 8.Nge2 Nf8
9.d4 Ng6 10.Rc1 h5 11.h3 h4 12.g4 Bd7 13.b4 Rb8 14.Ne4 b6 15.N2c3 O-O 16.
O-O Qc8 17.Nxf6+ gxf6 18.b5 c5 19.Nd5 Bd8 20.Qf3 f5 21.gxf5 Bxf5 22.e4 Be6
23.dxe5 Bxd5 24.exd5 dxe5 25.Qh5 Qc7 26.Be4 Bf6 27.Kh1 Rbe8 28.Rg1 Bg7 29.
Rg5 Re7 30.Rcg1 Qd6 31.R1g4 Qf6 32.f4 Rd8 33.Bxg6 fxg6 34.Rxg6 Qf8 35.Bxe5
Rxe5 36.Rxg7+ Qxg7 37.Rxg7+ Kxg7 38.Qxe5+ Kf8 39.Qf6+ Ke8 40.d6 Rd7 41.
Qe6+ Kd8 42.f5 Kc8 43.f6 a5 44.f7 1-0

[Event "I Festival A"]
[Site "Cattolica ITA"]
[Date "2005.06.19"]
[Round "9"]
[White "Orsi, Lorenzo"]
[Black "Squarci, Franco"]
[Result "1-0"]
[WhiteElo "1700"]
[BlackElo "1863"]
[PlyCount "118"]
[EventDate "2005.06.11"]

1.e4 c5 2.Nc3 g6 3.g3 Bg7 4.Bg2 Nc6 5.d3 d6 6.Be3 Nf6 7.h3 Nd4 8.Qd2 a6 9.
Nd1 Rb8 10.c3 Ne6 11.Bh6 b5 12.Ne2 Bb7 13.O-O O-O 14.Bxg7 Nxg7 15.f4 c4 
16.g4 e5 17.g5 Nfh5 18.f5 f6 19.fxg6 hxg6 20.gxf6 Rxf6 21.Ne3 Qb6 22.d4 
Rbf8 23.Ng4 Rxf1+ 24.Rxf1 Rxf1+ 25.Kxf1 Qc7 26.Qg5 Qf7+ 27.Kg1 Kf8 28.dxe5
Ne6 29.Qh6+ Ke7 30.exd6+ Kxd6 31.e5+ Kc7 32.Bxb7 Kxb7 33.Qd2 Nhf4 34.Nxf4 
Nxf4 35.Kh2 Nd3 36.Qg2+ Kb6 37.Qe2 Qf4+ 38.Kg2 Qg5 39.Kh2 Qf4+ 40.Kg2 Qf5 
41.Qe3+ Kb7 42.b3 cxb3 43.axb3 Nf4+ 44.Kg3 g5 45.Qf3+ Kc7 46.b4 Nh5+ 47.
Kf2 Nf4 48.Kg3 Qc2 49.Nf6 Qd3 50.Qxd3 Nxd3 51.e6 Kd8 52.Nh7 Nf4 53.Nxg5 
Ne2+ 54.Kg4 Nxc3 55.h4 Nd5 56.h5 Ke7 57.h6 Kf6 58.h7 Kg7 59.Kf5 Ne7+ 1-0

[Event "I Festival A"]
[Site "Cattolica ITA"]
[Date "2005.06.19"]
[Round "9"]
[White "Radovanovic, Jovica"]
[Black "Bellin, Robert Cecil"]
[Result "1/2-1/2"]
[WhiteElo "2340"]
[BlackElo "2397"]
[PlyCount "54"]
[EventDate "2005.06.11"]

1.e4 c5 2.Nf3 Nc6 3.d4 cxd4 4.Nxd4 g6 5.Nc3 Bg7 6.Be3 Nf6 7.Bc4 O-O 8.Bb3 
e6 9.O-O d5 10.exd5 Nxd5 11.Nxd5 exd5 12.c3 Re8 13.Ba4 Bd7 14.Bxc6 Bxc6 
15.Qd2 Qd7 16.Rfe1 Rad8 17.Bh6 Bh8 18.f3 b6 19.Kf2 Bb7 20.Rad1 f6 21.Rxe8+
Rxe8 22.h4 Kf7 23.Be3 Bg7 24.Bh6 Bh8 25.Bf4 Bg7 26.Bh6 Bh8 27.Bf4 Bg7 
1/2-1/2

[Event "I Festival A"]
[Site "Cattolica ITA"]
[Date "2005.06.19"]
[Round "9"]
[White "Ronchetti, Niccolo'"]
[Black "Volpinari, Danilo"]
[Result "1-0"]
[WhiteElo "2364"]
[BlackElo "2044"]
[PlyCount "65"]
[EventDate "2005.06.11"]

1.e4 c5 2.Nf3 e6 3.c3 d5 4.exd5 Qxd5 5.d4 Nc6 6.Be2 cxd4 7.cxd4 Nf6 8.O-O 
Be7 9.Nc3 Qd8 10.Be3 O-O 11.Ne5 Nb4 12.Bf3 Nbd5 13.Qb3 Qd6 14.a3 a6 15.
Rac1 b5 16.Nxd5 Nxd5 17.Rc6 Qd8 18.Rc2 Bb7 19.Nc6 Qd7 20.Bxd5 exd5 21.Ne5 
Qe6 22.Nd3 Rfc8 23.Nc5 Qb6 24.Rfc1 Bc6 25.Bf4 Qd8 26.Ne6 Qd7 27.Nc7 Rxc7 
28.Bxc7 Qxc7 29.Rxc6 Qd7 30.Rc7 Qe6 31.Qe3 Qxe3 32.fxe3 Bg5 33.Rc8+ 1-0

[Event "I Festival A"]
[Site "Cattolica ITA"]
[Date "2005.06.19"]
[Round "9"]
[White "Safranska, Anda"]
[Black "Sautto, Daniele"]
[Result "0-1"]
[WhiteElo "2298"]
[BlackElo "2119"]
[PlyCount "98"]
[EventDate "2005.06.11"]

1.Nf3 d5 2.g3 c6 3.Bg2 Bg4 4.O-O e6 5.d3 Bd6 6.e4 Ne7 7.Qe1 O-O 8.Nbd2 Nd7
9.b3 a5 10.a3 a4 11.b4 c5 12.bxc5 Nxc5 13.Bb2 Re8 14.Ne5 Bh5 15.Rb1 Rc8 
16.f4 Nd7 17.Nxd7 Qxd7 18.g4 Bg6 19.Kh1 f6 20.c4 dxc4 21.Nxc4 Bc5 22.Qg3 
b5 23.Nd2 Bd4 24.f5 Bf7 25.g5 Kh8 26.gxf6 gxf6 27.fxe6 Bxe6 28.Bxd4 Qxd4 
29.Rxb5 Rc3 30.Qh4 Ng6 31.Qxf6+ Qxf6 32.Rxf6 Rxd3 33.Nf1 Rxa3 34.e5 Re7 
35.Be4 Bc4 36.Rb8+ Kg7 37.Ng3 Rxe5 38.Rc6 Be6 39.Rc7+ Kh6 40.Rbb7 Rxg3 41.
Rxh7+ Kg5 42.hxg3 Rxe4 43.Kg2 Re2+ 44.Kg1 Ne5 45.Rhg7+ Kf6 46.Ra7 Re1+ 47.
Kf2 Nd3+ 48.Kf3 Bd5+ 49.Kg4 Ne5+ 0-1

[Event "I Festival A"]
[Site "Cattolica ITA"]
[Date "2005.06.19"]
[Round "9"]
[White "Torrisi, Andrea"]
[Black "Trussardi, Giuseppe"]
[Result "1-0"]
[WhiteElo "1611"]
[BlackElo "1768"]
[PlyCount "61"]
[EventDate "2005.06.11"]

1.d4 Nf6 2.c4 e6 3.Nf3 b6 4.e3 Bb7 5.Bd3 Be7 6.O-O O-O 7.Nc3 d5 8.Bd2 Nbd7
9.Rc1 Bb4 10.Qe2 Bxc3 11.Rxc3 Ne4 12.Bxe4 dxe4 13.Ne5 c5 14.Nxd7 Qxd7 15.
dxc5 Rfd8 16.Rd1 bxc5 17.h3 e5 18.Rcc1 Qe6 19.Bc3 Ba6 20.b3 Bb7 21.Rd2 
Rxd2 22.Qxd2 f5 23.Rd1 Bc6 24.Qd6 Re8 25.Qxc5 Rc8 26.Qxe5 Qg6 27.Rd6 Qf7 
28.b4 Re8 29.Qd4 f4 30.Rxc6 fxe3 31.fxe3 1-0

[Event "VI C.to Europeo"]
[Site "Varsavia POL"]
[Date "2005.06.21"]
[Round "4"]
[White "Bruno, Fabio"]
[Black "Iljin, Artem"]
[Result "0-1"]
[WhiteElo "2374"]
[BlackElo "2484"]
[PlyCount "80"]
[EventDate "2005.06.18"]

1. d4 Nf6 2. Nf3 e6 3. e3 b6 4. Bd3 Bb7 5. Nbd2 c5 6. c3 Nc6 7. O-O Be7 8. Qe2
O-O 9. dxc5 bxc5 10. e4 d6 11. Re1 Re8 12. Nf1 Qc7 13. Bf4 Nd7 14. Rad1 Nce5
15. Nxe5 Nxe5 16. Bxe5 dxe5 17. Bc4 Rab8 18. b3 Bg5 19. Rd3 g6 20. Red1 Rbd8
21. f3 Kg7 22. Bb5 Rxd3 23. Rxd3 Rd8 24. a4 h5 25. Qd1 Rxd3 26. Qxd3 f5 27. Kf2
Kh6 28. g3 h4 29. Ke2 Kg7 30. Nd2 Kf6 31. Nc4 a6 32. Qd6 Qxd6 33. Nxd6 axb5 34.
gxh4 bxa4 35. bxa4 Ba6+ 36. Kd1 Bf4 37. Ne8+ Ke7 38. Nc7 Bc4 39. a5 Kd7 40. a6
Kxc7 0-1

[Event "VI C.to Europeo"]
[Site "Varsavia POL"]
[Date "2005.06.21"]
[Round "4"]
[White "Godena, Michele"]
[Black "Berescu, Alin-Mile"]
[Result "1/2-1/2"]
[WhiteElo "2527"]
[BlackElo "2439"]
[PlyCount "76"]
[EventDate "2005.06.18"]

1. e4 e6 2. d4 d5 3. Nd2 Nf6 4. e5 Nfd7 5. Bd3 c5 6. c3 Nc6 7. Ne2 cxd4 8. cxd4
f6 9. exf6 Nxf6 10. Nf3 Bd6 11. O-O Qc7 12. Bg5 O-O 13. Bh4 Nh5 14. Qc2 h6 15.
Bh7+ Kh8 16. Bg6 Rxf3 17. Bxh5 Rf8 18. Bg3 Bd7 19. Rad1 Bxg3 20. hxg3 Rf6 21.
Nf4 Rc8 22. Bg4 Rxf4 23. gxf4 Qxf4 24. Bh3 Nxd4 25. Qd2 Qxd2 26. Rxd2 Nc6 27.
Re1 Re8 28. Rde2 Re7 29. f4 g6 30. Kf2 Nd8 31. Rc2 Kg7 32. Rc7 Kf6 33. g3 Rf7
34. Bg2 Ke7 35. Bxd5 Kd6 36. Rxd7+ Rxd7 37. Be4 g5 38. Rh1 Nf7 1/2-1/2

[Event "VI C.to Europeo"]
[Site "Varsavia POL"]
[Date "2005.06.21"]
[Round "4"]
[White "Lanzani, Mario"]
[Black "Sergeev, Vladimir"]
[Result "1/2-1/2"]
[WhiteElo "2356"]
[BlackElo "2458"]
[PlyCount "120"]
[EventDate "2005.06.18"]

1. e4 Nf6 2. e5 Nd5 3. d4 d6 4. c4 Nb6 5. exd6 exd6 6. Nc3 Be7 7. h3 Bf5 8. Nf3
O-O 9. Be2 N8d7 10. O-O Re8 11. d5 Ne5 12. Nd4 Bd7 13. b3 c5 14. dxc6 bxc6 15.
Be3 Qc7 16. Rc1 Rad8 17. Qc2 Bf8 18. Bg5 f6 19. Bd2 c5 20. Nf5 Qc8 21. Ne3 g6
22. Ne4 Re6 23. Nd5 Bg7 24. Nf4 Re7 25. Nxd6 Qc6 26. Ne4 Kh8 27. Ng3 Bc8 28.
Rfd1 Bb7 29. Bf1 Red7 30. Be3 f5 31. Nd5 Nxd5 32. cxd5 Rxd5 33. Rxd5 Rxd5 34.
Rd1 Rxd1 35. Qxd1 Bf6 36. Qc1 Nd7 37. Ne2 a5 38. Nf4 a4 39. bxa4 Qxa4 40. Qc4
Qxc4 41. Bxc4 Bc6 42. Ne6 Ne5 43. Be2 Bd5 44. Nxc5 Bxa2 45. Nd3 Bc4 46. Nc1 Bd5
47. f4 Nc4 48. Bxc4 Bxc4 49. Kf2 h5 50. Ne2 Kg8 51. Bd4 Bd8 52. Ng1 Bc7 53. Ke3
Bf1 54. Kf2 Bb5 55. Ke3 Bc6 56. Nf3 Kf7 57. Ne5+ Bxe5 58. Bxe5 Bxg2 59. h4 Ke6
60. Bc7 Kd7 1/2-1/2

[Event "VI C.to Europeo"]
[Site "Varsavia POL"]
[Date "2005.06.22"]
[Round "5"]
[White "Wojcicki, Lukasz"]
[Black "Bruno, Fabio"]
[Result "0-1"]
[WhiteElo "1833"]
[BlackElo "2374"]
[PlyCount "138"]
[EventDate "2005.06.18"]

1. d4 d5 2. Bf4 Nf6 3. Nf3 c5 4. c3 Nc6 5. e3 Qb6 6. Qb3 c4 7. Qc2 Bf5 8. Qc1
Rc8 9. Nbd2 h6 10. Be2 e6 11. Ne5 Qa5 12. a4 Nxe5 13. Bxe5 Be7 14. Bd1 Bd3 15.
Bxf6 Bxf6 16. Bc2 Bxc2 17. Qxc2 b5 18. O-O b4 19. e4 bxc3 20. bxc3 O-O 21. e5
Be7 22. f4 f5 23. Rab1 Rb8 24. Rxb8 Rxb8 25. Rb1 Rxb1+ 26. Nxb1 Kf7 27. Kf2 g5
28. g4 Kg6 29. fxg5 hxg5 30. Nd2 Qb6 31. h3 Qb8 32. Kg2 Bd8 33. Kh2 Ba5 34.
gxf5+ exf5 35. Kg2 Bd8 36. Kf2 Be7 37. Kg2 Ba3 38. Kg3 Qb2 39. Qxb2 Bxb2 40.
Nb1 Bc1 41. Kf3 Kf7 42. Kg3 Ke6 43. Kf3 Kf7 44. Kg3 Kg6 45. Kf3 Kh5 46. Kg3
Bf4+ 47. Kg2 a6 48. Na3 Bd2 49. Nb1 Bc1 50. Kg3 g4 51. hxg4+ fxg4 52. Kh2 Kg5
53. Kg3 Kf5 54. Kg2 Bg5 55. Kg3 Bf4+ 56. Kg2 Ke4 57. Na3 Bc1 58. Nb5 Bg5 59.
Nc7 Bd8 60. e6 a5 61. Kf2 Bh4+ 62. Kg2 g3 63. e7 Bxe7 64. Nb5 Bh4 65. Nc7 Bg5
66. Nb5 Bf4 67. Na3 Bb8 68. Kg1 Kf3 69. Nb5 Ke2 0-1

[Event "VI C.to Europeo"]
[Site "Varsavia POL"]
[Date "2005.06.23"]
[Round "6"]
[White "Godena, Michele"]
[Black "Atakisi, Umut"]
[Result "1-0"]
[WhiteElo "2527"]
[BlackElo "2439"]
[PlyCount "63"]
[EventDate "2005.06.18"]

1. e4 c5 2. Nf3 Nc6 3. Bb5 g6 4. Bxc6 dxc6 5. d3 Bg7 6. h3 Nf6 7. Nc3 O-O 8.
Be3 b6 9. Qd2 e5 10. O-O Ne8 11. a3 Nc7 12. b4 Ne6 13. bxc5 bxc5 14. Ne2 a5 15.
c3 Qd6 16. Rfd1 Ba6 17. Rab1 Rfd8 18. c4 Rab8 19. Rxb8 Rxb8 20. Qxa5 Bxc4 21.
Nc1 Rb1 22. Nd2 Qxd3 23. Nxd3 Rxd1+ 24. Kh2 Bxd3 25. Qa8+ Bf8 26. Qxc6 Ra1 27.
Nf3 Bg7 28. Qe8+ Nf8 29. Nxe5 Bxe5+ 30. Qxe5 Rxa3 31. Bh6 f6 32. Qxf6 1-0

[Event "VI C.to Europeo"]
[Site "Varsavia POL"]
[Date "2005.06.23"]
[Round "6"]
[White "Lanzani, Mario"]
[Black "Zaja, Ivan"]
[Result "1/2-1/2"]
[WhiteElo "2356"]
[BlackElo "2489"]
[PlyCount "44"]
[EventDate "2005.06.18"]

1. e4 e6 2. d4 d5 3. Nc3 Bb4 4. e5 c5 5. a3 Ba5 6. dxc5 Bxc3+ 7. bxc3 Ne7 8.
Nf3 Nd7 9. Bb5 O-O 10. Bxd7 Bxd7 11. O-O Qa5 12. Rb1 Bc6 13. Qd4 Qa6 14. Qd3 h6
15. Qxa6 bxa6 16. Nd4 Rfc8 17. Be3 Rab8 18. Rb3 Kf8 19. f4 Ba4 20. Rb4 Bd7 21.
Rfb1 Ra8 22. Kf2 Nc6 1/2-1/2